MDQL
is popping MORE tags! Check the
thread
!
Quizzes
Events
Quiz Creation
Community
Videos
Private Events
Remove Ads
Sign In
Join for FREE
Feedback
Dark Mode
Quiz Categories
Sports
Geography
Music
Movies
Television
Just For Fun
Miscellaneous
History
Literature
Language
Science
Gaming
Entertainment
Religion
Holiday
For Kids
Quiz Lab
Recent
Popular Today
Quiz Kudos Today
Editor Picks
Curator Picks
Quizzes by...
Day
Popularity
Type
Ratings
Length
Year
Community
Subscriptions
Recent Discussions
Orange Saloon
Badges
Playlists
Quests
Create
Leaderboards
Showdown
Live 5
Trivia Bingo
Activity
Puzzle Library
Sporcle Events
Private Events
Virtual Trivia
Globe League
Become a Host
Pub Owners
SporcleCon
Opinionation
Our Games
Videos
Blog
Mobile Apps
Partnerships
Remove Ads and Go Orange
Feedback
Sports
Athletes
MLB
NBA
NHL
NFL
Soccer
Sports Teams
WWE
NCAA
Football
Premier League
Basketball
Baseball
Hockey
Golf
Tennis
Cricket
Rugby
Auto Racing
Olympics
World Cup
Sports
Athletes
MLB
NBA
NHL
NFL
Soccer
Sports Teams
WWE
NCAA
Football
Premier League
Basketball
Baseball
Hockey
Golf
Tennis
Cricket
Rugby
Auto Racing
Olympics
World Cup
Random Quiz
Search Sporcle
×
Quiz Lab
Quiz Lab
Sports
UEFA Champions' League
Type in answers that appear in a list
Type in answers that appear in a list
Classic
Best Score? Go Orange.
Players with 30+ goals in Champions League/European Cup Stats
Can you name the players with 30 or more goals in the Champions League/European Cup?
By
Onefootball
5m
22 Questions
4,628 Plays
4,628 Plays
4,628 Plays
Comments
Comments
Give Quiz Kudos
Give Quiz Kudos
-
- Ratings
hide this ad
Replay
Link that replays current quiz
Next Quiz
Link to next quiz in quiz playlist
You Got
0%
They Got
Avg Score
39%
Avg Friend Score
Upgrade to see
Score Distribution
Jump to the score distribution portion of the page
Score
0/22
Timer
05:00
0
Plays Today
Nationality
Player
% Correct
Portugal
Cristiano Ronaldo
98.9%
Argentina
Lionel Messi
97.6%
Spain
Raul
66.2%
Sweden
Zlatan Ibrahimovic
55.9%
Ivory Coast
Didier Drogba
53.7%
France
Thierry Henry
53%
England
Wayne Rooney
45.7%
Poland
Robert Lewandowski
44.9%
Germany
Thomas Muller
44.4%
West Germany
Gerd Muller
44.4%
France
Karim Benzema
41.7%
Nationality
Player
% Correct
Cameroon
Samuel Eto'o
38.6%
Ukraine
Andriy Shevchenko
35.4%
Netherlands
Ruud van Nistelrooy
27.4%
Hungary
Ferenc Puskas
22.8%
Italy
Filippo Inzaghi
22.1%
Portugal
Eusebio
19.6%
Brazil
Kaka
18.3%
Argentina
Alfredo Di Stefano
14%
Italy
Alessandro Del Piero
13.1%
Spain
Fernando Morientes
12.6%
Spain
Francisco Gento
4.9%
Quiz Playlist
Details
Report
Send in Message
Add To Playlist
Classic:
Type in answers that appear in a list
Quiz Source
Last Updated: Jun 13, 2017
Quiz Scoreboard
CHALLENGE
Sign Up to Join the Scoreboard
Show All
Scores
Hide
Comments
May contain spoilers
Recently Published
Street Fighter Characters
by Artimus82
Gaming
60s
9x9 Crossword: Cartoon Network
by jackfrog10
Miscellaneous
3m
College Basketball Coaching Resumes
by pancakes188
Sports
9m
More to Explore
Quiz From the Vault
Featured Blog Post
Where Did the Easter Bunny Come From?
hide this ad
You Might Also Like...
Tags
Champions League
UEFA Champions' League
Today's Top Quizzes in Sports
Browse Sports
hide this ad
Today's Top Quizzes in UEFA Champions' League
Browse UEFA Champions' League
Top Contributed Quizzes in Sports
1
2022 World Cup Stars
2
Les meilleurs buteurs des matchs entre le PSG et l’OM
3
FIFA Club World Cup Champions
4
Les entraîneurs de l'OM et du PSG au 21e siècle
5
Criteria MLB: Left Handed Sluggers
6
2023 MLB Unique Player Accomplishments
7
AFC Teams Reveal (Wrong Answers Minefield)
8
Players with Multiple 50 Home Run Seasons
9
5-to-1: FBS Animal Nicknames
10
5-to-1: UK Sports Teams
Explore More
Trending Topics
Marvel
Harry Potter
Kpop
Crossword
NBA
Anime
Disney
Song
NFL
Country
Puzzle
The Office
WWE
Soccer
Pokémon
hide this ad
More By:
Onefootball
Quiz
Plays
Rating
Category
Featured
Created
Can you name every PL club's record transfer?
9,873
3.00
Sports
Jul 11, 2017
Champions League Runners-up
6,019
4.00
Sports
Aug 22, 2017
2017-2018 Premier League Captains
5,484
Sports
Aug 8, 2017
Players with 30+ goals in Champions League/European Cup
4,628
4.25
Sports
Apr 18, 2017
Manchester United's 100 Premier League goalscorers
2,963
Sports
May 22, 2017
Go to Creator's Profile
Score Distribution
Quiz Creator Spotlight
Onefootball
Follow
Send a Message
Quizzes Created
-
Created Quiz Play Count
-
More By This Creator
Popular Quizzes Today
1
Find the US States - No Outlines Minefield
2
Find the Countries of Europe - No Outlines Minefield
3
The Countries of the World
4
Find the US States
5
Risky Map Clicking: Biggest States A-Z
6
US States
7
Popular People in 1961
8
Movies - When Are They Set?
More Sports Quizzes
Voetbalclubs Premier League
Quiz Lab
Trending Quizzes
Risky Map Clicking: Least Populous States A-Z
1-10 Letter G Words
Risky Map Clicking: Next State Alphabetically
Adjectives in 80s TV Shows
The Seven Year Switch: Catherine
Recently Updated
Leaping Animals
pecheneg
Reality TV Shows (A-Z)
bhenderson79
Rickey Henderson's Hall of Fame Teammates
pecheneg
Champions League XIs: Arsenal
pecheneg
Quick Pick: Celebrities in WWE's Hall of Fame
aduchscher
A-Z Keypad Blitz II
pecheneg
Multiple Oscar Actors
pecheneg
Mystery Phrase Blitz: Oscar 'Best Actors'
pecheneg
F. Scott Fitzgerald Novels
LTH
Pick 3 Villains
ddd62291
Trending Topics
Anime
Harry Potter
Crossword
NBA
Kpop
Disney
Marvel
Puzzle
WWE
Soccer
Song
Pokémon
Country
NFL
The Office
Your Account Isn't Verified!
In order to create a playlist on Sporcle, you need to verify the email address you used during registration. Go to your
Sporcle Settings
to finish the process.
Report this User
Report this user for behavior that violates our
Community Guidelines
.
Details:
Send Report
Go to the Sporcle.com Mobile Site →
Comments